000 05105nkm0a2200613 4500
001 RU\NLR\BIBL_A\022114659
005 20260407140155.0
035 _a(NLR Aleph) 022114659
071 5 0 _d35 коп.
_915000
090 _a13517014
_c13517014
100 _a20260208 rusy50
101 0 _arus
102 _aRU
116 _afiybxx xx ae
135 _acrcn 024anaba
181 0 _ab4
_bxb2e
182 0 _an
200 1 _aКраснознам. Балтфлот
_iОбед
_eоткрытое письмо
_fН. Штерцер
203 _aИзображение
_bнеподвижное
_bдвухмерное
_bвизуальное
_cнепосредственное
210 _aЛенинград
_cизд. фото-ателье "Турист"
_d[1931 или 1932
_eЛенинград]
_gТип. ГФИ
215 _a1 л.
_cфотография
_d8,8х13,9
300 _aСправа внизу фрагмент монограммы фотографа: "Н" и изд. марка: "ОПТЭ Фото-Турист Ленинград"
300 _aЦенз. разрешение: Ленгорлит № 48375
300 _aВ вып. дан.: Зак. 3202
300 _aПод названием "Обед на корабле" фотография воспроизведена в изд.: Краснознаменный Балтийский флот : фотокнига о жизни, быте и боевой подготовке Краснознаменного Балтийского флота / снимки работы фоторепортера Н. Н. Штерцера и краснофлотца тов. Лукашевича ; текст А. И. Зиновьева ; оформление худ. А. Фадеева. Москва ; Ленинград : Ленизогиз, [1934]. С. 27
316 _aЭкз. РНБ на шифре Э ОВо640/181, инв.203855: 8,9х13,9 см
_5NLR: Э ОВо640/181
325 _aКопия доступна в Электрон. б-ке РНБ
532 1 2 _aКраснознаменный Балтфлот
540 1 _aКраснознаменный Балтийский флот
540 1 _aОбед на корабле
601 0 2 _aБалтийский флот
_jОткрытки
_91086755
_3RU\NLR\AUTH\66106679
606 1 _aПочтовые открытки маркированные художественные
_yСССР
_z1917 - 1941
_92195712
_3RU\NLR\AUTH\6601555037
606 1 _aФотографические открытки
_92151039
_3RU\NLR\AUTH\661600135
606 1 _aВоенные моряки
_jОткрытки
_yСССР
_92110597
_3RU\NLR\AUTH\661275578
610 1 _aВидовые открытки
686 0 _aЩ153(2)7-489
702 1 _4600
_7ca
_8rus
_aШтерцер
_bН. Н.
_f1899-1943
_gНиколай Николаевич
_9230128
_3RU\NLR\AUTH\770230184
711 0 2 _aБалтийский флот
_3RU\NLR\AUTH\8810005535
_9508449
712 0 2 _4650
_a"Турист", фотоателье
_cЛенинград
_9753927
_3RU\NLR\AUTH\880544631
712 0 2 _4610
_aГосударственное финансовое издательство
_bТипография
_cМосква
_cЛенинград
_9755272
_3RU\NLR\AUTH\880545233
830 _a"Ленинградская типография им. Котлякова Госфиниздата" (http://www.alppp.ru/law/obrazovanie--nauka--kultura/sredstva-massovoj-informacii/15/postanovlenie-ck-kpss-sovmina-sssr-ot-10-08-1963--884.html), "Типография Госфиниздата имени Котлякова" (https://spbarchives.ru/infres/-/archive/cga/R-9534/1/623, 05.02.2021), "Анкета типографии издательства Госфиниздата" (https://spbarchives.ru/infres/-/archive/cgali/R-306/1/528, 05.02.2021), 1955 г.: "с матриц типографии им. Котлякова Госфиниздата СССР. Ленинград, Садовая, 21" (http://historic.ru/books/item/f00/s00/z0000021/st000.shtml, 05.02.2021). А.Я. ОЭст
830 _aГраницы датировки открытки: 1931 - по году аэрофотосъемки Ленинграда (см. инв.49238 - тот же номер заказа); 1932 - по экз. РНБ на шифре Э ОВо640/163, инв.203837: на адресной стороне штамп, содержащий год поступления в РНБ: "Г.П.Б. в Лнгр. Ц О.Э 1932 г. Акт №". АЯ ОЭФ
852 0 0 _aNLR
_bЭ
_jОВо640/163
_mинв.203837
852 0 0 _aNLR
_bЭ
_jОВо640/181
_mинв.203855
856 0 _uhttps://vivaldi.nlr.ru/lo500003329/view
856 1 _uhttps://vivaldi.nlr.ru/lo500003329/cover
856 2 _uhttps://vivaldi.nlr.ru/lo500003329/text
942 _cVISUAL
980 _aNB
981 1 7 _a(17) Изографические материалы
_b(17) Открытки